000 07688nam a22006257a 4500
005 20100519102233.0
010 _aHIN-89371 B-420901-930
020 _a9780070678873
_c195.00
020 _a0070678871
_c195.00
035 _aHN-61717
035 _aB-420901-930
037 _bDBAD / PUB
037 _bयू.बी.एच. (वितरक)
082 _a910.3
100 _aमाजिद हुसैन
_91429
245 _aभूगोलः पारिभाषिक शब्द संग्रह /
_cमाजिद हुसैन
246 _aBhugol: Paribhashik Shabd Sangrah/
_bby Mazid Husain
260 _aनई दिल्ली
_bटाटा मॆग्रो हिल्स
_c2010
270 _a7, वेस्ट पटेल नगर
_bनई दिल्ली
_e110008
300 _aवि.पृ.
_c23सेमी (अजिल्द)
490 _aटाटा मॆग्रो हिल्स (WE Series)
_926428
942 _2ddc
_cHN
_mमाजिद
_h910.3
999 _c36197
_d36197